Intelligent technologies - Theory and applications : New trends in intelligent technologies /

Gespeichert in:
Bibliographische Detailangaben
Weitere Verfasser: Sinčák, Peter (Zusammenstellung), Vaščák, Ján (Zusammenstellung), Kvasnička, Vladimír, 1941- (Zusammenstellung), Pospíchal, Jiří, 1961- (Zusammenstellung)
Format: Buch
Sprache:Englisch
Veröffentlicht: Amsterdam : IOS Press, 1999
Ausgabe:2.vyd.
Schlagworte:
Tags: Tag hinzufügen
Keine Tags, Fügen Sie das erste Tag hinzu!

MARC

LEADER 00000nam a22000003a 4500
001 stu76494
005 20150617225646.2
008 020708s1999----ne------------------eng-d
020 |a 1-58603-256-9 
040 |a STU  |b slo 
041 0 |a eng 
044 |a ne 
080 |a 681.322 
080 |a 577.352.5 
080 |a 519.7 
080 |a 681.51.01 
080 |a 061.3(08) 
084 |a A8710  |2 INS 
084 |a A8730  |2 INS 
084 |a C1220  |2 INS 
084 |a C1230D  |2 INS 
084 |a C1340N  |2 INS 
084 |a C5270  |2 INS 
084 |a C5290  |2 INS 
100 1 |a Sinčák, Peter  |4 com 
245 1 |a Intelligent technologies - Theory and applications :  |b New trends in intelligent technologies /  |c Edit. Sinčák, Peter a kol. 
250 |a 2.vyd. 
260 |a Amsterdam :  |b IOS Press,  |c 1999 
300 |a 277 s 
650 7 |a neurálne siete  |2 stusub 
650 7 |a inteligentné systémy  |2 stusub 
650 7 |a umelá inteligencia  |2 stusub 
650 7 |a genetické algoritmy  |2 stusub 
650 7 |a matematická kybernetika  |2 stusub 
650 7 |a automatizované systémy riadenia  |2 stusub 
650 7 |a ASR  |2 stusub 
700 1 |a Vaščák, Ján  |4 com 
700 1 |a Kvasnička, Vladimír,  |d 1941-  |4 com  |u I300  |U FIIT Fakulta informatiky a informačných technológií  |T FIIT Ústav aplikovanej informatiky  |X 1789  |U I300  |Y 180  |7 A000001789 
700 1 |a Pospíchal, Jiří,  |d 1961-  |4 com  |u I300  |U FIIT Fakulta informatiky a informačných technológií  |T FIIT Ústav aplikovanej informatiky  |X 1743  |U I300  |Y 180  |7 A000001743 
996 |b 284IK06781  |c I*13UI5409  |l I  |s A  |a 24  |w stu76494_0001